[Event "Championnat de France - Accession"]
[Site "Nimes"]
[Date "2009.08.16"]
[Round "6.32"]
[White "Callet, Emmanuel"]
[Black "Rodier, David"]
[Result "1/2-1/2"]
[WhiteElo "2215"]
[BlackElo "2145"]
[PlyCount "21"]
[EventDate "2009.??.??"]

1. Nf3 Nf6 2. d4 d5 3. c4 c6 4. Nc3 dxc4 5. a4 Bf5 6. e3 e6 7. Bxc4 Bb4 8. O-O
Nbd7 9. Qe2 Bg6 10. h3 Qe7 11. a5 1/2-1/2

[Event "Championnat de France - Accession"]
[Site "Nimes"]
[Date "2009.08.16"]
[Round "6.33"]
[White "Depoorter, Enguerran"]
[Black "Prodhomme, Boris"]
[Result "0-1"]
[WhiteElo "2207"]
[BlackElo "2183"]
[PlyCount "104"]

1. d4 d5 2. Nf3 Nf6 3. Bg5 g6 4. Nbd2 Bg7 5. e3 O-O 6. Bd3 Nbd7 7. O-O c5 8. c3
b6 9. Qb1 Bb7 10. b4 cxd4 11. cxd4 Rc8 12. Qb2 Ne4 13. Bf4 f6 14. h3 e5 15. Bh2
Qe7 16. Bb5 Nc3 17. Bxd7 Qxd7 18. dxe5 Ba6 19. Rfe1 fxe5 20. Bxe5 Bxe5 21. Nxe5
Qg7 22. Ndf3 Rfe8 23. a4 Rxe5 24. Nxe5 Qxe5 25. b5 Bb7 26. Red1 Qg5 27. Rd4 Ne4
28. Rc1 Qf5 29. f3 Ng3 30. Kf2 Ne4+ 31. Kg1 Ng3 32. Kf2 Ne4+ 33. Kg1 Rxc1+ 34.
Qxc1 Ng5 35. Qe1 Qe5 36. Qf2 Ne6 37. Rd1 Nc5 38. Rd4 Kg7 39. Kh1 Nd7 40. e4 Nf6
41. exd5 Bxd5 42. Qd2 g5 43. Qd1 h5 44. Qd2 Kg6 45. Qd1 Be6 46. Qd3+ Bf5 47.
Qd1 Qg3 48. Rd6 g4 49. hxg4 hxg4 50. fxg4 Be4 51. Qd2 Bxg2+ 52. Kg1 Bd5+ 0-1

[Event "Championnat de France - Accession"]
[Site "Nimes"]
[Date "2009.08.16"]
[Round "6.34"]
[White "Poignot, Quentin"]
[Black "Lamard, Guillaume"]
[Result "1-0"]
[WhiteElo "2183"]
[BlackElo "2101"]
[PlyCount "83"]

1. e4 c5 2. Nf3 e6 3. g3 Nc6 4. Bg2 a6 5. O-O Qc7 6. c3 Nf6 7. Re1 d5 8. e5 Ng8
9. d4 cxd4 10. cxd4 Nge7 11. Nc3 h5 12. a3 Nf5 13. Bf4 Bd7 14. Nxd5 Qd8 15. Nc3
Nce7 16. d5 exd5 17. Nxd5 Be6 18. Nxe7 Bxe7 19. Qe2 Qb6 20. Bg5 Bc5 21. b4 Bd4
22. Nxd4 Nxd4 23. Qe4 Bf5 24. Qxb7 Qxb7 25. Bxb7 Rb8 26. Rad1 Rxb7 27. Rxd4 O-O
28. Rc1 Rb5 29. Be7 Re8 30. Bd6 f6 31. f4 Rd8 32. Rc7 a5 33. a4 Rxb4 34. Rxb4
axb4 35. Bxb4 fxe5 36. fxe5 Rd4 37. Rb7 Re4 38. Rb5 Bd7 39. Rb8+ Kh7 40. a5
Rxe5 41. a6 Rb5 42. a7 1-0

[Event "Championnat de France - Accession"]
[Site "Nimes"]
[Date "2009.08.16"]
[Round "6.35"]
[White "Jeanne, Mickael"]
[Black "Barret, Simon"]
[Result "1-0"]
[WhiteElo "2148"]
[BlackElo "2166"]
[PlyCount "81"]

1. Nf3 Nf6 2. c4 g6 3. Nc3 Bg7 4. e4 d6 5. d4 O-O 6. Be2 e5 7. O-O Nc6 8. d5
Ne7 9. Ne1 Nd7 10. Be3 f5 11. f3 Nf6 12. c5 f4 13. Bf2 g5 14. cxd6 cxd6 15. Rc1
Ne8 16. a4 Ng6 17. Nb5 Bd7 18. b4 a5 19. Nd3 axb4 20. Nb2 Ne7 21. Qb3 Nc8 22.
Qxb4 Rf7 23. Nc4 Bf8 24. a5 h5 25. Nb6 Nxb6 26. Bxb6 Qf6 27. Nc7 Rc8 28. Nxe8
Rxe8 29. Bb5 Qg7 30. Rc7 Bxb5 31. Qxb5 Ree7 32. Rxe7 Rxe7 33. Rc1 Rd7 34. Qc4
g4 35. Kh1 Qg6 36. Qc8 Rg7 37. Rc7 gxf3 38. Rxg7+ Qxg7 39. gxf3 h4 40. Qe6+ Kh7
41. Bd8 1-0

[Event "Championnat de France - Accession"]
[Site "Nimes"]
[Date "2009.08.16"]
[Round "6.36"]
[White "Dijoux, Frederic"]
[Black "Serralta, Michel"]
[Result "1-0"]
[WhiteElo "2152"]
[BlackElo "2137"]
[PlyCount "51"]

1. Nc3 d5 2. e4 d4 3. Nce2 e5 4. Ng3 Be6 5. c3 c5 6. Bb5+ Nc6 7. Nf3 Qd6 8.
Bxc6+ bxc6 9. d3 dxc3 10. bxc3 Rd8 11. O-O Bg4 12. Qa4 Bxf3 13. gxf3 g6 14. Be3
f5 15. exf5 gxf5 16. Nxf5 Qg6+ 17. Ng3 Ne7 18. Bxc5 Nd5 19. Bxf8 Rxf8 20. Rae1
Rxf3 21. Rxe5+ Kf8 22. Qh4 Qf6 23. Qxf6+ Rxf6 24. Ne4 Rf3 25. Ng5 Rxd3 26. Ne6+
1-0

[Event "Championnat de France - Accession"]
[Site "Nimes"]
[Date "2009.08.18"]
[Round "7.1"]
[White "Benitah, Yohan"]
[Black "Jablonski, Noham"]
[Result "1/2-1/2"]
[WhiteElo "2383"]
[BlackElo "2305"]
[PlyCount "35"]
[EventDate "2009.??.??"]

1. d4 d5 2. c4 c6 3. Nc3 Nf6 4. e3 e6 5. Nf3 Nbd7 6. Bd3 dxc4 7. Bxc4 b5 8. Bd3
Bb7 9. e4 b4 10. Na4 Be7 11. e5 Nd5 12. Qc2 h6 13. O-O Rc8 14. Bd2 c5 15. Nxc5
Nxc5 16. dxc5 O-O 17. Qb3 Bxc5 18. Rad1 1/2-1/2

[Event "Championnat de France - Accession"]
[Site "Nimes"]
[Date "2009.08.18"]
[Round "7.2"]
[White "Debray, Christopher"]
[Black "Lagarde, Maxime"]
[Result "0-1"]
[WhiteElo "2328"]
[BlackElo "2352"]
[Annotator "Rivier,Sylvain"]
[PlyCount "37"]
[EventDate "2009.??.??"]

1. d4 Nf6 2. c4 g6 3. Nc3 d5 4. cxd5 Nxd5 5. Bd2 Nb6 6. Nf3 Bg7 7. e4 Bg4 8.
Be3 O-O 9. Be2 Bxf3 10. gxf3 e6 11. Qd2 Nc6 12. Rd1 Qh4 13. Bb5 Qh3 14. Ke2 f5
15. Bxc6 bxc6 16. Qc2 Rad8 17. e5 c5 18. d5 Nc4 19. Bf4 {suite illisible} 0-1

[Event "Championnat de France - Accession"]
[Site "Nimes"]
[Date "2009.08.18"]
[Round "7.3"]
[White "Jolly, Jean-Francois"]
[Black "Shirazi, Kamran"]
[Result "0-1"]
[WhiteElo "2366"]
[BlackElo "2384"]
[PlyCount "50"]
[EventDate "2009.??.??"]

1. d4 Nf6 2. c4 d6 3. Nc3 g6 4. e4 Bg7 5. Nf3 O-O 6. Be2 Bg4 7. Be3 Nfd7 8. Ng1
Bxe2 9. Ngxe2 c6 10. O-O a6 11. Qb3 Ra7 12. Rfd1 b5 13. cxb5 axb5 14. d5 Rb7
15. a4 b4 16. dxc6 Nxc6 17. Nb5 Qa8 18. Rac1 Rc8 19. Nf4 Nb6 20. Bxb6 Rxb6 21.
Nd5 Rb7 22. Nxb4 Nd4 23. Rxc8+ Qxc8 24. Nxd4 Bxd4 25. Rxd4 Rxb4 0-1

[Event "Championnat de France - Accession"]
[Site "Nimes"]
[Date "2009.08.18"]
[Round "7.4"]
[White "Dubreuil, Julien"]
[Black "Bailet, Pierre"]
[Result "1/2-1/2"]
[WhiteElo "2250"]
[BlackElo "2352"]
[PlyCount "101"]
[EventDate "2009.??.??"]

1. e4 c5 2. Nf3 Nc6 3. Bb5 d6 4. Bxc6+ bxc6 5. O-O e5 6. c3 Bg4 7. d4 cxd4 8.
cxd4 exd4 9. Qxd4 Bxf3 10. gxf3 Nf6 11. Nc3 Be7 12. Rd1 O-O 13. Qa4 Qc8 14. Ne2
d5 15. exd5 cxd5 16. Be3 Rb8 17. Qh4 Rxb2 18. Ng3 Rb4 19. Rd4 Rxd4 20. Qxd4 a6
21. Rc1 Qe6 22. Qd3 Rc8 23. Rb1 g6 24. Rb6 Rc6 25. Rb8+ Kg7 26. Kg2 Bd6 27. Ra8
Be5 28. Qd2 Rc8 29. Ra7 d4 30. Bh6+ Kg8 31. Qa5 d3 32. Rxa6 Qd5 33. Ne4 Qxa5
34. Rxa5 Nxe4 35. fxe4 f6 36. Rd5 g5 37. h4 gxh4 38. Rxd3 Ra8 39. a3 Ra4 40.
Re3 Bd6 41. Kh3 Kf7 42. Rd3 Bxa3 43. f3 Kg6 44. Be3 Be7 45. Rb3 Rc4 46. Rd3 h5
47. Bf2 Rc1 48. Rd7 Bb4 49. Kxh4 Rc2 50. Bg3 Rc1 51. Kh3 1/2-1/2

[Event "Championnat de France - Accession"]
[Site "Nimes"]
[Date "2009.08.18"]
[Round "7.5"]
[White "Boudre, Jean-Pierre"]
[Black "Le Goff, Damien"]
[Result "1/2-1/2"]
[WhiteElo "2337"]
[BlackElo "2270"]
[PlyCount "77"]
[EventDate "2009.??.??"]

1. e4 e6 2. d4 d5 3. Nd2 Nc6 4. Ngf3 Nf6 5. e5 Nd7 6. c3 f6 7. Bb5 fxe5 8. dxe5
Be7 9. Bxc6 bxc6 10. Nd4 Nxe5 11. Qh5+ Nf7 12. Nxc6 Qd6 13. Nxe7 Qxe7 14. O-O
O-O 15. f4 Nd6 16. Nf3 Nf5 17. Nd4 Nxd4 18. cxd4 c5 19. dxc5 Qxc5+ 20. Rf2 Bd7
21. Qe5 Rf5 22. Be3 Rxe5 23. Bxc5 Re4 24. Rd1 Rc4 25. Bd4 a6 26. Rfd2 Rac8 27.
Kf2 Be8 28. g4 Bg6 29. Ke3 Be4 30. Bc3 g6 31. Rd4 Rxc3+ 32. bxc3 Rxc3+ 33. Ke2
Ra3 34. R1d2 Bf3+ 35. Kf2 Bxg4 36. R4d3 Ra4 37. Rd4 Ra3 38. R4d3 Ra4 39. Rd4
1/2-1/2

[Event "Championnat de France - Accession"]
[Site "Nimes"]
[Date "2009.08.18"]
[Round "7.6"]
[White "Crut, Aurelien"]
[Black "Platel, Alexandre"]
[Result "1/2-1/2"]
[WhiteElo "2335"]
[BlackElo "2206"]
[PlyCount "58"]
[EventDate "2009.??.??"]

1. e4 c5 2. Nf3 d6 3. Bb5+ Nc6 4. O-O Bd7 5. Re1 Nf6 6. c3 a6 7. Bf1 Bg4 8. d3
e6 9. Nbd2 Be7 10. h3 Bh5 11. g4 Bg6 12. Nh4 Nd7 13. Nxg6 hxg6 14. Nf3 Nde5 15.
Be3 Nxf3+ 16. Qxf3 e5 17. a3 Bg5 18. b4 Qf6 19. Qxf6 gxf6 20. Reb1 O-O-O 21. a4
cxb4 22. cxb4 Nd4 23. Rc1+ Kd7 24. Rc4 Rc8 25. Bxd4 exd4 26. Rxd4 Rc2 27. Rc4
Rc8 28. Re1 Ra2 29. a5 Ra4 1/2-1/2

[Event "Championnat de France - Accession"]
[Site "Nimes"]
[Date "2009.08.18"]
[Round "7.7"]
[White "Moussard, Jules"]
[Black "Sochacki, Christophe"]
[Result "0-1"]
[WhiteElo "2292"]
[BlackElo "2274"]
[PlyCount "72"]
[EventDate "2009.??.??"]

1. e4 c5 2. Nf3 d6 3. d4 cxd4 4. Nxd4 Nf6 5. Nc3 g6 6. g3 Nc6 7. Bg2 Nxd4 8.
Qxd4 Bg7 9. Qa4+ Bd7 10. Qb4 Bc6 11. O-O O-O 12. h3 Nd7 13. Bg5 Re8 14. Rfe1 b5
15. Nd5 a5 16. Qd2 Bxb2 17. Rab1 Be5 18. f4 Bxd5 19. Qxd5 Bc3 20. Red1 Rb8 21.
e5 Qb6+ 22. Kh2 Nc5 23. exd6 exd6 24. Bf1 Ne4 25. Bg2 Qf2 26. Qd3 Nxg5 27. Rf1
Qd2 28. fxg5 Re2 29. Qf3 Be5 30. Kh1 Kh8 31. Qc6 Qxg5 32. Rxb5 Qxg3 33. Rxb8+
Kg7 34. Rxf7+ Kh6 35. Kg1 Bd4+ 36. Kh1 Re1+ 0-1

[Event "Championnat de France - Accession"]
[Site "Nimes"]
[Date "2009.08.18"]
[Round "7.8"]
[White "Saada, Julien"]
[Black "Migot, Tangi"]
[Result "1-0"]
[WhiteElo "2289"]
[BlackElo "2114"]
[PlyCount "79"]
[EventDate "2009.??.??"]

1. d4 Nf6 2. Bg5 Ne4 3. Bf4 c5 4. f3 Qa5+ 5. c3 Nf6 6. d5 Qb6 7. Bc1 e6 8. c4
exd5 9. cxd5 d6 10. e4 g6 11. Ne2 Bg7 12. Nec3 O-O 13. Nd2 Qd8 14. Nc4 b5 15.
Nxb5 Nxe4 16. fxe4 Qh4+ 17. Kd2 Qxe4 18. Qf3 Bh6+ 19. Ne3 Qb4+ 20. Kc2 c4 21.
Nc3 Na6 22. g4 f5 23. g5 Bg7 24. Qf4 Nc5 25. Qxc4 Qb6 26. Qf4 Ne4 27. Nc4 Qc7
28. Bd2 Rb8 29. b3 Ba6 30. Rd1 Rfe8 31. Bd3 Bxc4 32. Bxc4 Qa5 33. Na4 Qc7 34.
Rde1 Be5 35. Qf1 Bxh2 36. Bc3 Bg3 37. Re2 Bh4 38. Qg1 Nxg5 39. Rxe8+ Rxe8 40.
Qd4 1-0

[Event "Championnat de France - Accession"]
[Site "Nimes"]
[Date "2009.08.18"]
[Round "7.9"]
[White "Ider, Borya"]
[Black "Van Elst, Andreas"]
[Result "1-0"]
[WhiteElo "2234"]
[BlackElo "2288"]
[PlyCount "61"]
[EventDate "2009.??.??"]

1. d4 Nf6 2. c4 g6 3. Nc3 Bg7 4. e4 d6 5. h3 O-O 6. Bg5 Na6 7. Bd3 e5 8. d5 c6
9. Nge2 Qe8 10. O-O Nh5 11. Bc2 f6 12. Be3 Qe7 13. g4 Nf4 14. Nxf4 exf4 15.
Bxf4 c5 16. Re1 Nc7 17. Bg3 Bd7 18. a4 Ne8 19. Kh2 Qd8 20. f4 Qb6 21. Nb5 Qa5
22. f5 Bxb5 23. axb5 Qb6 24. fxg6 hxg6 25. e5 dxe5 26. Bxg6 Nd6 27. g5 fxg5 28.
Qh5 Rf6 29. Qh7+ Kf8 30. Bxe5 Rf2+ 31. Kg1 1-0

[Event "Championnat de France - Accession"]
[Site "Nimes"]
[Date "2009.08.18"]
[Round "7.10"]
[White "Ravot, Sylvain"]
[Black "Valles, Manuel"]
[Result "1/2-1/2"]
[WhiteElo "2276"]
[BlackElo "2142"]
[PlyCount "130"]
[EventDate "2009.??.??"]

1. e4 e5 2. Nf3 Nc6 3. Bb5 a6 4. Bxc6 dxc6 5. d4 exd4 6. Qxd4 Qxd4 7. Nxd4 c5
8. Ne2 Bd7 9. Be3 O-O-O 10. Nd2 Re8 11. O-O Bc6 12. Nc3 b5 13. a3 Bb7 14. Rfe1
Nf6 15. f3 Bd6 16. Nb3 Nd7 17. Na5 Nb6 18. a4 c6 19. Rad1 Be7 20. b3 Rd8 21. f4
Ba8 22. b4 Rxd1 23. Nxd1 Nxa4 24. bxc5 Bxc5 25. Nb3 Bxe3+ 26. Nxe3 c5 27. Nf5
g6 28. Nd6+ Kb8 29. c4 bxc4 30. Nxc4 Rd8 31. Ra1 Bc6 32. Ne5 Bb5 33. Rc1 f6 34.
Ng4 c4 35. Na5 c3 36. Nxf6 Rd2 37. Nb3 Rb2 38. Nd4 Bd3 39. e5 c2 40. Nxc2 Rxc2
41. Rxc2 Bxc2 42. e6 Nc3 43. e7 Ba4 44. Kf2 Kc7 45. Ke3 Kd6 46. e8=Q Bxe8 47.
Nxe8+ Kc5 48. Kd3 Nd5 49. g3 a5 50. Ng7 Kd6 51. h4 Ke7 52. h5 Kf7 53. h6 Nf6
54. f5 Ng8 55. fxg6+ Kxg6 56. Ne6 Kxh6 57. g4 Kg6 58. g5 Kf7 59. Nf4 Ne7 60.
Kc4 Ng6 61. Nd5 Ne7 62. Nf4 Ng6 63. Nd5 Ne5+ 64. Kb5 Ng4 65. Nf4 Nf2 1/2-1/2

[Event "Championnat de France - Accession"]
[Site "Nimes"]
[Date "2009.08.18"]
[Round "7.11"]
[White "Villegas, Pierre"]
[Black "Bissieres, Matthieu"]
[Result "1/2-1/2"]
[WhiteElo "2202"]
[BlackElo "2300"]
[Annotator "Rivier,Sylvain"]
[PlyCount "45"]
[EventDate "2009.??.??"]

1. d4 Nf6 2. c4 g6 3. Nc3 Bg7 4. e4 d6 5. Nge2 Nbd7 6. f3 e5 7. d5 O-O 8. Ng3
c6 9. Be3 cxd5 10. cxd5 h5 11. Be2 h4 12. Nf1 Nh5 13. g3 a6 14. f4 exf4 15.
gxf4 Nhf6 16. Nd2 b5 17. a3 Re8 18. Bf2 Bh6 19. Bxh4 Bxf4 20. O-O Qb6+ 21. Bf2
Be3 22. Qc2 Ne5 23. Nd1 {suite illisible} 1/2-1/2

[Event "Championnat de France - Accession"]
[Site "Nimes"]
[Date "2009.08.18"]
[Round "7.12"]
[White "Guilleux, Fabien"]
[Black "Lutz, Eric"]
[Result "1-0"]
[WhiteElo "2381"]
[BlackElo "2245"]
[PlyCount "93"]
[EventDate "2009.??.??"]

1. Nf3 d5 2. d4 c6 3. Bf4 Bg4 4. Ne5 Bf5 5. e3 f6 6. Nf3 g5 7. Bg3 Qb6 8. Qc1
Nd7 9. Nbd2 h5 10. h3 Nh6 11. c4 e6 12. Qc3 Bb4 13. Qb3 Be4 14. c5 Bxd2+ 15.
Nxd2 Qxb3 16. axb3 Kf7 17. Nxe4 dxe4 18. f3 Nf5 19. Bf2 exf3 20. gxf3 a6 21.
Bc4 Rhe8 22. Ke2 Kg7 23. b4 e5 24. d5 Ne7 25. d6 Ng6 26. h4 e4 27. hxg5 exf3+
28. Kd2 Nde5 29. gxf6+ Kxf6 30. Bb3 Ng4 31. Rh3 Kg5 32. Rg1 Re4 33. Rxf3 N6e5
34. Rf4 Rxf4 35. exf4+ Kxf4 36. Bg3+ Ke4 37. Rh1 Nf7 38. Kc3 Rh8 39. Bc2+ Kd5
40. Bb3+ Ke4 41. Bc2+ Kd5 42. d7 Nd8 43. Bf5 Ne3 44. Bc7 Nxf5 45. Bxd8 Ne3 46.
Rd1+ Ke6 47. Re1 1-0

[Event "Championnat de France - Accession"]
[Site "Nimes"]
[Date "2009.08.18"]
[Round "7.13"]
[White "Weill, Roland"]
[Black "Song, Julien"]
[Result "0-1"]
[WhiteElo "2227"]
[BlackElo "2319"]
[PlyCount "90"]
[EventDate "2009.??.??"]

1. Nf3 d5 2. g3 Nf6 3. Bg2 e6 4. O-O Be7 5. c4 O-O 6. b3 a5 7. a3 a4 8. cxd5
exd5 9. b4 Nbd7 10. d3 Re8 11. Bb2 Nb6 12. Nbd2 c6 13. Qc2 Bg4 14. h3 Bh5 15.
Nd4 Bg6 16. f4 h5 17. Rae1 Rc8 18. Qd1 c5 19. bxc5 Bxc5 20. Kh2 Qe7 21. e4 Bxa3
22. Ba1 Rc1 23. Qf3 Rxe1 24. Rxe1 Bb4 25. Qf2 Nfd7 26. f5 Bh7 27. e5 Nc5 28.
Re3 Qg5 29. N2f3 Qh6 30. e6 fxe6 31. fxe6 Nxd3 32. Rxd3 Bxd3 33. Ne5 Bg6 34.
Nd7 Nc8 35. Nc2 Qd2 36. Nf6+ Kh8 37. Qxd2 Bxd2 38. Nxe8 Bxe8 39. Bxd5 b5 40.
Bd4 b4 41. Bc5 b3 42. Na3 Bg5 43. Kg2 Be7 44. Bxe7 Nxe7 45. Bc4 g6 0-1

[Event "Championnat de France - Accession"]
[Site "Nimes"]
[Date "2009.08.18"]
[Round "7.14"]
[White "Meynard, Thibault"]
[Black "Ollier, Pablo"]
[Result "0-1"]
[WhiteElo "2288"]
[BlackElo "2226"]
[PlyCount "112"]
[EventDate "2009.??.??"]

1. d4 Nf6 2. c4 e6 3. Nf3 Bb4+ 4. Bd2 c5 5. g3 Qb6 6. Qb3 Nc6 7. dxc5 Bxc5 8.
Qxb6 axb6 9. Bg2 d5 10. cxd5 exd5 11. O-O O-O 12. Nc3 d4 13. Nb5 Be6 14. b3
Rfc8 15. Rfd1 Bf5 16. Bf4 Rd8 17. Ne5 Be4 18. Nc4 Bc2 19. Rdc1 d3 20. exd3 Bxd3
21. Ncd6 Bxb5 22. Nxb5 Ng4 23. Rc2 Nb4 24. Re2 Nxf2 25. Bxb7 Nh3+ 26. Kg2 Nxf4+
27. gxf4 Rab8 28. Be4 Nd5 29. Kf3 Nf6 30. Bc2 g6 31. a3 Ra8 32. h4 Kg7 33. f5
Rd7 34. Ra2 Ra5 35. a4 Ra8 36. Rb2 Bb4 37. Rb1 Rad8 38. Rg1 Rd2 39. Rgg2 R2d7
40. Rg1 Rd2 41. Rgg2 R2d7 42. Kg3 Nh5+ 43. Kg4 Bd2 44. Rgf2 Bc1 45. Re1 Bd2 46.
Ref1 f6 47. Re2 Kh6 48. fxg6 hxg6 49. Re6 Rd3 50. Bxd3 Rxd3 51. Rf3 f5+ 52. Kh3
Rxf3+ 53. Kh2 Nf4 54. Rxg6+ Kxg6 55. h5+ Kxh5 56. Kg1 Be3+ 0-1

[Event "Championnat de France - Accession"]
[Site "Nimes"]
[Date "2009.08.18"]
[Round "7.15"]
[White "Ber, Yves"]
[Black "Rabineau, Clement"]
[Result "0-1"]
[WhiteElo "2040"]
[BlackElo "2263"]
[PlyCount "106"]
[EventDate "2009.??.??"]

1. d4 d6 2. c4 e5 3. dxe5 dxe5 4. Qxd8+ Kxd8 5. Nc3 Be6 6. e4 Nd7 7. Nf3 f6 8.
Bd2 c6 9. Be2 a5 10. Rd1 Kc7 11. O-O Bb4 12. Na4 b6 13. Be3 Ne7 14. a3 Bc5 15.
Bxc5 Nxc5 16. Nxc5 bxc5 17. Rd2 Nc8 18. Rfd1 Nb6 19. Rd6 Bd5 20. R6xd5 cxd5 21.
cxd5 Nc8 22. Rc1 Kb6 23. a4 Nd6 24. Nd2 Rab8 25. Nc4+ Kc7 26. Nxd6 Kxd6 27. Bb5
Rhf8 28. Rc3 f5 29. f3 fxe4 30. fxe4 Rf4 31. Re3 Rbf8 32. h3 h5 33. Be2 Rb8 34.
g3 Rf6 35. b3 Rbf8 36. Kg2 Rf2+ 37. Kg1 g6 38. Kh1 g5 39. Kg1 h4 40. g4 R8f4
41. Kh1 Rxe2 42. Rxe2 Rf3 43. Kg2 Rg3+ 44. Kh2 Rxb3 45. Rf2 c4 46. Rf6+ Kc5 47.
Rc6+ Kd4 48. d6 Rb8 49. Kg2 Rf8 50. Ra6 c3 51. Rc6 Kd3 52. Rc5 c2 53. Kg1 Kd2
0-1

[Event "Championnat de France - Accession"]
[Site "Nimes"]
[Date "2009.08.18"]
[Round "7.16"]
[White "Velten, Paul"]
[Black "Schabanel, Stephane"]
[Result "1/2-1/2"]
[WhiteElo "2153"]
[BlackElo "2259"]
[PlyCount "184"]
[EventDate "2009.??.??"]

1. d4 d5 2. Nf3 Nf6 3. c4 c6 4. Qc2 g6 5. Bf4 Bf5 6. Qb3 Qb6 7. e3 Na6 8. Be2
Nb4 9. c5 Qa5 10. O-O Bc2 11. Qc3 Ne4 12. Qe1 b6 13. a3 Nd3 14. Qxa5 bxa5 15.
Bc7 a4 16. Nc3 Kd7 17. Bxd3 Bxd3 18. Ne5+ Kxc7 19. Nxd3 Nxc3 20. bxc3 Rb8 21.
Rfb1 Bg7 22. Rb4 Rb5 23. Rab1 a6 24. Kf1 Rhb8 25. Ke2 a5 26. R4b2 e6 27. Kd2 h5
28. Kc2 R8b7 29. Rf1 Bh6 30. Ra2 Bg7 31. Nb2 Bf6 32. Nxa4 Bd8 33. Nb6 a4 34.
Nxa4 Ra7 35. Nb2 Kc8 36. c4 Rba5 37. cxd5 exd5 38. a4 Bc7 39. h3 Kd7 40. Rfa1
Rb7 41. Ra3 Kc8 42. Rb3 Rba7 43. f3 Bd8 44. e4 Bf6 45. Rd1 h4 46. Rb6 R7a6 47.
Rxa6 Rxa6 48. exd5 cxd5 49. Kc3 Ra7 50. Nd3 Rxa4 51. Nb4 Ra3+ 52. Kc2 Bd8 53.
Rd3 Ra1 54. Rd1 Ra3 55. Nxd5 Ra2+ 56. Kd3 Rxg2 57. c6 Ra2 58. Kc4 Ba5 59. Kc5
Bc7 60. Re1 Ra5+ 61. Kc4 Ra4+ 62. Kd3 Ra3+ 63. Kc2 Ra4 64. Re8+ Bd8 65. Nb4 Kc7
66. d5 Ra8 67. Kb3 Kd6 68. Kc4 Kc7 69. Rf8 Kd6 70. Rxf7 Be7 71. Rg7 g5 72. Rh7
Ra5 73. c7 Rc5+ 74. Kd3 Rxc7 75. Nc6 Kxd5 76. Nxe7+ Ke6 77. Rh6+ Ke5 78. Nc6+
Kf4 79. Nd4 Rd7 80. Rf6+ Kg3 81. Ke4 Re7+ 82. Re6 Ra7 83. Re5 Kxh3 84. Rxg5 Kh2
85. f4 Ra4 86. f5 h3 87. f6 Kh1 88. f7 h2 89. f8=Q Rxd4+ 90. Ke3 Ra4 91. Kd3
Rd4+ 92. Ke3 Re4+ 1/2-1/2

[Event "Championnat de France - Accession"]
[Site "Nimes"]
[Date "2009.08.18"]
[Round "7.17"]
[White "Bonn, Thomas"]
[Black "Saucey, Michel"]
[Result "0-1"]
[WhiteElo "2225"]
[BlackElo "2366"]
[Annotator "Rivier,Sylvain"]
[PlyCount "35"]
[EventDate "2009.??.??"]

1. d4 d5 2. Nf3 e6 3. Bf4 Bd6 4. Bg3 Bxg3 5. hxg3 Nf6 6. e3 Qd6 7. c4 Nbd7 8.
Nc3 c6 9. Rc1 O-O 10. Bd3 Rd8 11. Qc2 h6 12. O-O a6 13. Rfd1 Qe7 14. e4 dxe4
15. Nxe4 Nxe4 16. Bxe4 Nf6 17. c5 Bd7 18. Ne5 {suite illisible} 0-1

[Event "Championnat de France - Accession"]
[Site "Nimes"]
[Date "2009.08.18"]
[Round "7.18"]
[White "Camus, Berenger"]
[Black "Grimberg, Gilbert"]
[Result "0-1"]
[WhiteElo "2200"]
[BlackElo "2336"]
[PlyCount "58"]
[EventDate "2009.??.??"]

1. d4 d5 2. c4 e6 3. Nc3 a6 4. Nf3 dxc4 5. e3 Nf6 6. Bxc4 b5 7. Bd3 Bb7 8. O-O
Nbd7 9. Qe2 c5 10. Rd1 Qb6 11. dxc5 Bxc5 12. a3 Rc8 13. b4 Bd6 14. Bb2 O-O 15.
Rac1 Rfe8 16. Bb1 Bb8 17. e4 Red8 18. h3 h6 19. Rd2 Bf4 20. Rcd1 Bxd2 21. Rxd2
Nf8 22. Rxd8 Qxd8 23. Nh2 e5 24. Ng4 Nxg4 25. hxg4 Ne6 26. Ba2 Nf4 27. Qc2 Qd3
28. Qb3 Rc4 29. g3 Nh3+ 0-1

[Event "Championnat de France - Accession"]
[Site "Nimes"]
[Date "2009.08.18"]
[Round "7.19"]
[White "Stephan, Victor"]
[Black "Rouler, Charly"]
[Result "1-0"]
[WhiteElo "2198"]
[BlackElo "2335"]
[PlyCount "31"]
[EventDate "2009.??.??"]

1. d4 Nf6 2. c4 g6 3. Nc3 Bg7 4. e4 d6 5. Be2 O-O 6. Nf3 Nbd7 7. O-O e5 8. Qc2
Nh5 9. Rd1 c5 10. dxc5 dxc5 11. g3 Nhf6 12. Nxe5 Nxe4 13. Qxe4 Bxe5 14. Rxd7
Bxd7 15. Qxe5 Re8 16. Qd5 1-0

[Event "Championnat de France - Accession"]
[Site "Nimes"]
[Date "2009.08.18"]
[Round "7.20"]
[White "Nass, Emile"]
[Black "Lefebvre, Herve"]
[Result "1-0"]
[WhiteElo "2186"]
[BlackElo "2279"]
[PlyCount "161"]
[EventDate "2009.??.??"]

1. d4 Nf6 2. Nf3 g6 3. g3 Bg7 4. Bg2 O-O 5. O-O d6 6. c4 Nc6 7. Nc3 a6 8. Re1
Rb8 9. Rb1 e5 10. dxe5 dxe5 11. Qxd8 Rxd8 12. Bg5 Be6 13. Nd2 h6 14. Bxf6 Bxf6
15. Nde4 Be7 16. Nd5 Bf8 17. Nxc7 Bxc4 18. b3 Rbc8 19. Nf6+ Kh8 20. Nfe8 Be6
21. Bxc6 bxc6 22. Nxe6 Rxe8 23. Nxf8 Rxf8 24. Red1 Rfd8 25. Rbc1 Rxd1+ 26. Rxd1
Kg7 27. e4 Kf6 28. Kf1 Ke6 29. Ke2 f5 30. Ke3 a5 31. Rc1 Kd6 32. Rc4 Rb8 33.
exf5 gxf5 34. Rh4 Kd5 35. Kd3 Rb4 36. Rxh6 a4 37. Kc3 axb3 38. axb3 Re4 39. Rf6
f4 40. Rf8 fxg3 41. Rd8+ Kc5 42. hxg3 Rg4 43. Kd2 Rb4 44. Rd3 e4 45. Rc3+ Kd5
46. Ke3 Rb8 47. g4 c5 48. Ke2 Rg8 49. Rg3 Rg5 50. Ke3 Ke5 51. Rg1 Rg8 52. Rc1
Kd5 53. f3 exf3 54. Kxf3 Rb8 55. Rc3 Kd4 56. Re3 Rf8+ 57. Ke2 c4 58. bxc4 Kxc4
59. Rf3 Rg8 60. Rf4+ Kd5 61. Kf3 Ke5 62. Kg3 Rg6 63. Rf8 Ke6 64. Kh4 Ke7 65.
Rf4 Ra6 66. Kh5 Rb6 67. g5 Rb1 68. Kh6 Rg1 69. g6 Rh1+ 70. Kg7 Ke6 71. Kg8 Ke7
72. g7 Rg1 73. Kh7 Rh1+ 74. Kg8 Rg1 75. Rf2 Rh1 76. Re2+ Kd7 77. Re4 Kd6 78.
Kf7 Rf1+ 79. Kg6 Rg1+ 80. Kf6 Kd7 81. Re5 1-0

[Event "Championnat de France - Accession"]
[Site "Nimes"]
[Date "2009.08.18"]
[Round "7.21"]
[White "Forgues, Fabien"]
[Black "Mancini, Mario"]
[Result "0-1"]
[WhiteElo "2184"]
[BlackElo "2269"]
[PlyCount "168"]
[EventDate "2009.??.??"]

1. e4 c5 2. Nf3 e6 3. d4 cxd4 4. Nxd4 a6 5. Bd3 Nf6 6. Qe2 d6 7. c4 Be7 8. O-O
O-O 9. Kh1 Nc6 10. Be3 Nb4 11. f3 Nxd3 12. Qxd3 Qc7 13. Nc3 b6 14. Rac1 Bb7 15.
b3 Rac8 16. Rfd1 Qb8 17. Qe2 Rfe8 18. Qf2 Ba8 19. Re1 Bf8 20. Bg5 Nd7 21. Bh4
Ne5 22. Qf1 Nc6 23. Nc2 Qb7 24. Red1 Ne5 25. Nd4 Rc7 26. Bg3 Rec8 27. a4 Rd7
28. Rd2 Nc6 29. Nxc6 Qxc6 30. Bf2 Qc7 31. Rcd1 Bc6 32. Bg3 Rcd8 33. Rd3 Be7 34.
Qe1 Qb8 35. Bf4 Qb7 36. Qg3 d5 37. cxd5 exd5 38. e5 d4 39. Ne2 Bc5 40. Bh6 g6
41. Bg5 Be7 42. Rxd4 Bxg5 43. Qxg5 Rxd4 44. Rxd4 Rxd4 45. Nxd4 Qd7 46. Qe3 Bd5
47. h3 Qc8 48. Kh2 Qc5 49. Qd3 Be6 50. f4 Qd5 51. Qc3 Bd7 52. Qe3 Qc5 53. h4 h6
54. Qe4 Kf8 55. h5 f5 56. exf6 Qxh5+ 57. Kg1 Qc5 58. Qxg6 Qxd4+ 59. Kh1 Qd1+
60. Kh2 Qg4 61. Qxh6+ Kf7 62. Qh7+ Kxf6 63. Qe4 Qe6 64. Qd3 a5 65. b4 axb4 66.
Qd4+ Ke7 67. Qxb4+ Qd6 68. Qe4+ Kd8 69. Qa8+ Kc7 70. Qa7+ Kc6 71. a5 Qxf4+ 72.
Kg1 Qd4+ 73. Kf1 Qd1+ 74. Kf2 Qd2+ 75. Kf3 bxa5 76. Qe3 Qd5+ 77. Kf2 Bf5 78.
Kf1 Kb5 79. Qe8+ Kb4 80. Qb8+ Kc4 81. Qc7+ Kd3 82. Qg3+ Kc4 83. Qa3 Qe4 84. Kf2
Qd4+ 0-1